| 000 | 00518nam a2200181 a 4500 | ||
|---|---|---|---|
| 005 | 20140310183339.0 | ||
| 008 | 061113s19uu xx 00 eng d | ||
| 020 | _a9711011182 | ||
| 050 |
_aPN 4784.F37 _b.G288 2004 |
||
| 100 | _aGenove, Ma. Cecilia M. | ||
| 245 |
_aFeature writing for Filipinos / _cMa. Cecilia M. Genove. |
||
| 260 |
_aQuezon City : _bNew Day Publishers, _c2004. |
||
| 300 |
_a205 p. : _bill. ; _c23 cm. |
||
| 521 | _aMC | ||
| 650 | _aFeature writing. | ||
| 942 |
_cBK _2lcc _kLOC |
||
| 999 |
_c21750 _d21750 |
||